00517nam a22001457a 4500003000400000008004100004020001800045082002200063100002500085245008500110260003700195300001600232650009900248700002400347OSt260629b |||||||| |||| 00| 0 eng d a9781439869512 a519.5360285bM81A aMoodie, Patricia F.  aApplied Regression and ANOVA Using SAS/ by Patricia F. Moodie, Dallas E. Johnson aBoca Raton : bCRC Pressc2021. axxi, 405 p. aNatural sciences & mathematics | Probabilities & applied mathematics | Mathematical statistics aJohnson, Dallas E.